[Event "chess.com SpeedChess 2024"]
[Site "chess.com INT"]
[Date "2024.07.31"]
[Round "1.22"]
[White "Sarana, Alexey"]
[Black "Caruana, Fabiano"]
[Result "0-1"]
[WhiteTitle "GM"]
[BlackTitle "GM"]
[WhiteElo "2717"]
[BlackElo "2796"]
[WhiteFideId "24133795"]
[BlackFideId "2020009"]
[EventDate "2024.07.25"]
[EventType "k.o."]

1. d4 Nf6 2. c4 e6 3. Nc3 Bb4 4. Qc2 d5 5. a3 Bxc3+ 6. Qxc3 O-O 7. Nf3 b6 8. Bg5
Nbd7 9. cxd5 exd5 10. e3 c5 11. Nd2 h6 12. Bh4 a5 13. Bb5 Ba6 14. Bxa6 Rxa6 15.
O-O a4 16. b3 axb3 17. Qxb3 Qe7 18. a4 Rfa8 19. Rfb1 Qe6 20. Qc2 c4 21. Rb5 Qc6
22. Rb4 b5 23. Nb1 bxa4 24. Nc3 a3 25. Bxf6 Nxf6 26. Rab1 Qd6 27. Rb7 Ra5 28. h3
a2 29. Ra1 Ne4 30. Nxe4 dxe4 31. Rb2 Qa6 32. Qxe4 c3 33. Rb3 Ra3 34. Rb4 Rc8 35.
Qc2 Qa5 36. Rb7 Qa6 37. Rb4 Qa5 38. Rb7 Qa4 39. Qf5 Qc4 40. Rxf7 c2 41. Rd7
c1=Q+ 42. Rxc1 Qxc1+ 43. Kh2 Qc7+ 44. Rxc7 Rxc7 45. Qd5+ Rf7 46. Qd8+ Rf8 47.
Qd5+ Kh8 0-1

[Event "chess.com SpeedChess 2024"]
[Site "chess.com INT"]
[Date "2024.07.31"]
[Round "1.23"]
[White "Caruana, Fabiano"]
[Black "Sarana, Alexey"]
[Result "1-0"]
[WhiteTitle "GM"]
[BlackTitle "GM"]
[WhiteElo "2796"]
[BlackElo "2717"]
[WhiteFideId "2020009"]
[BlackFideId "24133795"]
[EventDate "2024.07.25"]
[EventType "k.o."]

1. c4 e6 2. Nc3 d5 3. d4 Nf6 4. cxd5 exd5 5. Bg5 c6 6. e3 h6 7. Bh4 Be6 8. Bd3
Nbd7 9. Nge2 g5 10. Bg3 Nh5 11. O-O Nxg3 12. Nxg3 Nf6 13. Nf5 Qd7 14. Qc2 O-O-O
15. Rab1 Kb8 16. b4 Rc8 17. Na4 h5 18. Nc5 Qd8 19. a4 h4 20. a5 a6 21. Qe2 g4
22. Bxa6 bxa6 23. Qxa6 Rc7 24. b5 Ra7 25. bxc6+ Ka8 26. c7 Qxc7 27. Nxe6 fxe6
28. Qxe6 Bg7 29. Rfc1 Qd7 30. Nxg7 Qxg7 31. Qc6+ Rb7 32. a6 1-0

[Event "chess.com SpeedChess 2024"]
[Site "chess.com INT"]
[Date "2024.07.31"]
[Round "1.1"]
[White "Vachier-Lagrave, Maxime"]
[Black "Niemann, Hans Moke"]
[Result "0-1"]
[WhiteTitle "GM"]
[BlackTitle "GM"]
[WhiteElo "2718"]
[BlackElo "2703"]
[WhiteFideId "623539"]
[BlackFideId "2093596"]
[EventDate "2024.07.25"]
[EventType "k.o."]

1. e4 e5 2. Nf3 Nc6 3. Bb5 a6 4. Ba4 Nf6 5. O-O Be7 6. Re1 b5 7. Bb3 O-O 8. a4
Bb7 9. d3 d6 10. Nbd2 Na5 11. Ba2 c5 12. Nf1 b4 13. Bd2 Bc8 14. Ne3 Be6 15. c3
b3 16. Bb1 Qc7 17. d4 c4 18. Nf5 Rad8 19. Qe2 Rfe8 20. Nxe7+ Qxe7 21. dxe5 dxe5
22. Nxe5 Bg4 23. Nxg4 Nxg4 24. Qxg4 Rxd2 25. e5 Qc5 26. Qh4 g6 27. Qf4 Qxe5 0-1

[Event "chess.com SpeedChess 2024"]
[Site "chess.com INT"]
[Date "2024.07.31"]
[Round "1.2"]
[White "Niemann, Hans Moke"]
[Black "Vachier-Lagrave, Maxime"]
[Result "0-1"]
[WhiteTitle "GM"]
[BlackTitle "GM"]
[WhiteElo "2703"]
[BlackElo "2718"]
[WhiteFideId "2093596"]
[BlackFideId "623539"]
[EventDate "2024.07.25"]
[EventType "k.o."]

1. e4 c5 2. Nf3 d6 3. Bb5+ Bd7 4. Bxd7+ Qxd7 5. O-O Nc6 6. c3 d5 7. d3 e6 8. Na3
Bd6 9. exd5 exd5 10. d4 Nge7 11. Nb5 O-O 12. Nxd6 Qxd6 13. dxc5 Qxc5 14. Qd3 Qc4
15. Rd1 Rad8 16. Be3 Qxd3 17. Rxd3 Rd7 18. Rad1 Rfd8 19. h3 f6 20. Bc5 Ng6 21.
R3d2 b6 22. Be3 Kf7 23. Ne1 Nge7 24. Nc2 h5 25. Kf1 Nf5 26. Bf4 g5 27. Bh2 g4
28. hxg4 hxg4 29. Kg1 Kg6 30. Ne1 Rh7 31. g3 Ne5 32. Kg2 Nf3 33. Nxf3 gxf3+ 34.
Kxf3 Rxh2 35. Rxd5 Rxd5 36. Rxd5 Rh7 37. a4 Rb7 38. Kf4 Ng7 39. g4 Ne6+ 40. Kg3
a5 41. Rb5 Nc5 42. b4 Ne4+ 43. Kf4 Nxc3 44. bxa5 Nxb5 45. a6 Rc7 46. axb5 Rc5 0-1

[Event "chess.com SpeedChess 2024"]
[Site "chess.com INT"]
[Date "2024.07.31"]
[Round "1.3"]
[White "Vachier-Lagrave, Maxime"]
[Black "Niemann, Hans Moke"]
[Result "1/2-1/2"]
[WhiteTitle "GM"]
[BlackTitle "GM"]
[WhiteElo "2718"]
[BlackElo "2703"]
[WhiteFideId "623539"]
[BlackFideId "2093596"]
[EventDate "2024.07.25"]
[EventType "k.o."]

1. e4 e5 2. Nf3 Nc6 3. Bb5 a6 4. Ba4 Nf6 5. O-O Be7 6. Re1 b5 7. Bb3 O-O 8. a4
Bb7 9. d3 d6 10. Bd2 Qd7 11. Nc3 Nd8 12. Nd5 Nxd5 13. exd5 c6 14. d4 exd4 15.
dxc6 Nxc6 16. axb5 axb5 17. Rxa8 Bxa8 18. Qe2 Bf6 19. Qxb5 Rb8 20. Qe2 h6 21.
Bd5 Ne7 22. Bxa8 Rxa8 23. b4 Qf5 24. Qd3 Qxd3 25. cxd3 Ra3 26. Rb1 Nd5 27. b5
Nc3 28. Rb2 Ra1+ 29. Be1 Ra8 30. b6 Rb8 31. Rb3 Kf8 32. Nd2 d5 33. Nb1 Ne2+ 34.
Kf1 Nc1 35. Rb5 Nxd3 36. Ba5 Ke7 37. Rxd5 Ke6 38. Rb5 Kd6 39. Nd2 Kc6 40. Rb1
Bd8 41. Nf3 Kc5 42. Rd1 Nb2 43. Rxd4 Nc4 44. Bc3 Bf6 45. Rd3 Rxb6 46. Bxf6 Rxf6
47. h4 Rd6 48. Rxd6 Kxd6 49. Ke2 Kd5 50. g3 Ke4 51. Ne1 Ne5 52. f3+ Kd4 53. Nc2+
Kd5 54. Ne3+ Kc5 55. Nf5 g6 56. Nxh6 f5 57. Ke3 Kd5 58. Kf4 Ke6 59. Ng8 Nd3+ 60.
Kg5 Kf7 61. Nh6+ Kg7 62. h5 Ne5 63. hxg6 Nxf3+ 64. Kh5 Nd4 65. Nf7 Ne2 66. Kg5
Nxg3 67. Nd6 Ne4+ 68. Nxe4 fxe4 69. Kf4 Kxg6 70. Kxe4 1/2-1/2

[Event "chess.com SpeedChess 2024"]
[Site "chess.com INT"]
[Date "2024.07.31"]
[Round "1.4"]
[White "Niemann, Hans Moke"]
[Black "Vachier-Lagrave, Maxime"]
[Result "0-1"]
[WhiteTitle "GM"]
[BlackTitle "GM"]
[WhiteElo "2703"]
[BlackElo "2718"]
[WhiteFideId "2093596"]
[BlackFideId "623539"]
[EventDate "2024.07.25"]
[EventType "k.o."]

1. e4 c5 2. Nf3 d6 3. Bb5+ Bd7 4. Bxd7+ Qxd7 5. O-O Nc6 6. c3 d5 7. d3 e6 8. Na3
Bd6 9. exd5 exd5 10. d4 Nge7 11. Nb5 O-O 12. Nxd6 Qxd6 13. dxc5 Qxc5 14. Be3 Qc4
15. Qb3 Qxb3 16. axb3 Rfe8 17. Rfd1 f6 18. Kf1 Kf7 19. b4 a6 20. Bc5 Rad8 21.
Rd2 Rd7 22. Rad1 Red8 23. Bxe7 Kxe7 24. h4 h5 25. g3 g6 26. Kg2 Rd6 27. Rd3 Kf7
28. Ne1 Ne5 29. Rd4 Nc6 30. R4d2 a5 31. b5 Na7 32. c4 Ke7 33. c5 Re6 34. Nd3 g5
35. hxg5 fxg5 36. c6 bxc6 37. b6 Nb5 38. Nc5 Re5 39. Ra1 Rb8 40. b7 Kd6 41. Rc2
Nd4 42. Rc3 Ne6 43. Nb3 Rxb7 44. Nxa5 Rb6 45. Rd1 Kc7 46. b4 d4 47. Rc4 Reb5 48.
Rdc1 c5 49. bxc5 Ra6 0-1

[Event "chess.com SpeedChess 2024"]
[Site "chess.com INT"]
[Date "2024.07.31"]
[Round "1.5"]
[White "Vachier-Lagrave, Maxime"]
[Black "Niemann, Hans Moke"]
[Result "0-1"]
[WhiteTitle "GM"]
[BlackTitle "GM"]
[WhiteElo "2718"]
[BlackElo "2703"]
[WhiteFideId "623539"]
[BlackFideId "2093596"]
[EventDate "2024.07.25"]
[EventType "k.o."]

1. e4 e5 2. Nf3 Nc6 3. Bb5 Nf6 4. O-O Nxe4 5. d4 Nd6 6. Bxc6 dxc6 7. dxe5 Nf5 8.
Qxd8+ Kxd8 9. h3 Be7 10. Nc3 Nh4 11. Nxh4 Bxh4 12. Re1 h5 13. Ne4 Bf5 14. Ng5
Ke8 15. e6 Bxg5 16. exf7+ Kxf7 17. Bxg5 Rhe8 18. c3 Rxe1+ 19. Rxe1 Re8 20. Be3
Rd8 21. Kh2 Be6 22. a3 Rd5 23. Bxa7 b6 24. Bb8 Rd2 25. Bxc7 Rxf2 26. Bxb6 Rxb2
27. Bd4 Ra2 28. Rf1+ Kg6 29. Rf3 h4 30. Rf4 Bd5 31. Rg4+ Kf5 32. Bxg7 Bf3 0-1

[Event "chess.com SpeedChess 2024"]
[Site "chess.com INT"]
[Date "2024.07.31"]
[Round "1.6"]
[White "Niemann, Hans Moke"]
[Black "Vachier-Lagrave, Maxime"]
[Result "1/2-1/2"]
[WhiteTitle "GM"]
[BlackTitle "GM"]
[WhiteElo "2703"]
[BlackElo "2718"]
[WhiteFideId "2093596"]
[BlackFideId "623539"]
[EventDate "2024.07.25"]
[EventType "k.o."]

1. e4 c5 2. Nf3 d6 3. Bb5+ Bd7 4. Bxd7+ Qxd7 5. O-O Nc6 6. c3 d5 7. d3 e6 8. Na3
Rd8 9. Qe2 Nge7 10. Be3 Ng6 11. h4 h5 12. Rad1 Be7 13. exd5 Qxd5 14. d4 cxd4 15.
Nxd4 Nxh4 16. f3 Nf5 17. Nab5 O-O 18. Nxf5 Qxf5 19. Nxa7 Nxa7 20. Bxa7 Ra8 21.
Bf2 Rxa2 22. Rd7 Bf6 23. Rxb7 Bxc3 24. Rb5 Qf6 25. Rxh5 Rxb2 26. Qe4 g6 27. Rh3
Rd8 28. Kh1 Qg5 29. f4 Qb5 30. Rc1 Rxf2 31. Rhxc3 Qd5 32. Re3 Kg7 33. Kh2 Qxe4
34. Rxe4 Rdd2 35. Rg1 Rd3 36. Ra1 Rdf3 37. Raa4 Rb2 38. Reb4 Rbf2 39. Kg1 Rf1+
40. Kh2 Rc3 41. Rb2 Rcc1 42. g3 Rh1+ 43. Kg2 Rcg1+ 44. Kf3 Rh3 45. Rg2 Rb1 46.
Kg4 Rhh1 47. Ra7 Rb3 48. Rf2 Rg1 49. Rf3 Rxf3 50. Kxf3 Kf6 51. Ra5 Rb1 52. g4
Rb3+ 53. Ke4 Rb4+ 54. Ke3 Ke7 55. Ra7+ Kf6 56. g5+ Kg7 57. Ra8 Rb5 58. Ke4 Rf5
59. Ra7 e5 60. fxe5 Kf8 61. Ra8+ Ke7 62. Ra7+ Ke6 63. Ra6+ Ke7 64. Ra7+ Ke6 65.
Ra6+ Ke7 66. Ra7+ 1/2-1/2

[Event "chess.com SpeedChess 2024"]
[Site "chess.com INT"]
[Date "2024.07.31"]
[Round "1.7"]
[White "Vachier-Lagrave, Maxime"]
[Black "Niemann, Hans Moke"]
[Result "1-0"]
[WhiteTitle "GM"]
[BlackTitle "GM"]
[WhiteElo "2718"]
[BlackElo "2703"]
[WhiteFideId "623539"]
[BlackFideId "2093596"]
[EventDate "2024.07.25"]
[EventType "k.o."]

1. e4 e5 2. Nf3 Nc6 3. Bb5 Nf6 4. O-O Nxe4 5. d4 Nd6 6. Bxc6 dxc6 7. dxe5 Nf5 8.
Qxd8+ Kxd8 9. h3 Be7 10. Nc3 Nh4 11. Nxh4 Bxh4 12. Re1 h5 13. Ne4 Bf5 14. Ng5
Ke8 15. e6 fxe6 16. Nxe6 Kf7 17. Nd4 Bg6 18. Bf4 Bf6 19. c3 Bxd4 20. cxd4 Rad8
21. Be5 Rd7 22. Rac1 Re8 23. Re3 Kg8 24. Rb3 c5 25. Rxc5 c6 26. Rg3 Kh7 27. Kh2
Be4 28. Re3 Bd5 29. a3 g5 30. Rcc3 Kg6 31. Rg3 Kf5 32. Rge3 Rde7 33. Re1 Re6 34.
Rce3 c5 35. Rc1 c4 36. f3 h4 37. f4 g4 38. hxg4+ Kxg4 39. f5 Kxf5 40. Rf1+ Kg5
41. g3 h3 42. g4 Rc8 43. Kxh3 Rb6 44. Rf5+ Kg6 45. Bf4 Be6 46. Rg5+ Kf7 47. d5
Bd7 48. Be5 Rb3 49. Rg7+ Ke8 50. Bc3+ Kd8 51. d6 1-0

[Event "chess.com SpeedChess 2024"]
[Site "chess.com INT"]
[Date "2024.07.31"]
[Round "1.8"]
[White "Niemann, Hans Moke"]
[Black "Vachier-Lagrave, Maxime"]
[Result "1/2-1/2"]
[WhiteTitle "GM"]
[BlackTitle "GM"]
[WhiteElo "2703"]
[BlackElo "2718"]
[WhiteFideId "2093596"]
[BlackFideId "623539"]
[EventDate "2024.07.25"]
[EventType "k.o."]

1. d4 Nf6 2. Nf3 g6 3. c4 Bg7 4. g3 c6 5. Bg2 d5 6. b3 O-O 7. Bb2 a5 8. O-O Bf5
9. Nc3 Ne4 10. e3 Nd7 11. Qe2 Nxc3 12. Bxc3 Nf6 13. Rfc1 a4 14. b4 dxc4 15. Qxc4
Be4 16. Be1 Qd5 17. Qxd5 Nxd5 18. a3 Rfe8 19. Ra2 Nc7 20. Bc3 Nb5 21. Bb2 Rad8
22. Raa1 Bxf3 23. Bxf3 e5 24. dxe5 Rd2 25. Bd4 Nxd4 26. exd4 Rxd4 27. b5 cxb5
28. Bxb7 Rxe5 29. Rab1 Bf8 30. Rc8 Kg7 31. Ba6 Rd2 32. Bxb5 Bc5 33. Rf1 Rf5 34.
Bxa4 Bxf2+ 35. Kh1 Bxg3 36. Rxf5 Rxh2+ 37. Kg1 gxf5 38. Rc2 Rh6 39. Bc6 Rd6 40.
a4 Rd3 41. Ra2 Bb8 42. a5 Ba7+ 43. Kg2 h5 44. Rb2 h4 45. Rb7 h3+ 46. Kf1 Bc5 47.
Rb5 Rc3 48. a6 Bd4 49. Bb7 Rc1+ 50. Ke2 h2 51. Rb4 Ba7 52. Rh4 Rc2+ 53. Kf3 Kf6
54. Kg3 Bf2+ 55. Kh3 Bxh4 56. a7 Ra2 57. a8=Q Rxa8 58. Bxa8 Bf2 59. Kxh2 Bd4 60.
Kg2 1/2-1/2

[Event "chess.com SpeedChess 2024"]
[Site "chess.com INT"]
[Date "2024.07.31"]
[Round "1.9"]
[White "Vachier-Lagrave, Maxime"]
[Black "Niemann, Hans Moke"]
[Result "1/2-1/2"]
[WhiteTitle "GM"]
[BlackTitle "GM"]
[WhiteElo "2718"]
[BlackElo "2703"]
[WhiteFideId "623539"]
[BlackFideId "2093596"]
[EventDate "2024.07.25"]
[EventType "k.o."]

1. e4 e5 2. Nf3 Nc6 3. Bb5 a6 4. Ba4 Nf6 5. O-O Be7 6. d3 b5 7. Bb3 d6 8. a3 O-O
9. Nc3 Nb8 10. Bd2 c6 11. Ne2 Nbd7 12. Ng3 Nc5 13. Ba2 Be6 14. b4 Bxa2 15. Rxa2
Ne6 16. a4 Re8 17. c3 Bf8 18. Qc2 Qc7 19. Rfa1 Qb7 20. h3 h6 21. Be3 Nd7 22. Nd2
d5 23. Nb3 g6 24. Qe2 Bg7 25. Qf3 bxa4 26. Rxa4 d4 27. Bd2 c5 28. Na5 Qc7 29.
Ne2 Nb6 30. R4a2 c4 31. Rc1 dxc3 32. Bxc3 cxd3 33. Qxd3 Red8 34. Qb1 Qd7 35. Bd2
Rac8 36. Rxc8 Rxc8 37. Nb3 Nc4 38. Nc3 Nd4 39. Nd5 Nxd2 40. Rxd2 Qd6 41. Qa2 Kh7
42. Nc5 Rc6 43. Rd1 h5 44. Ne3 Qf6 45. Qd5 Ne2+ 46. Kf1 Nc3 47. Qd3 Nxd1 48.
Qxd1 Rd6 49. Nd5 Qh4 50. Qf3 f5 51. Kg1 Qg5 52. g3 h4 53. g4 fxg4 54. hxg4 Bf6
55. Kg2 Kg7 56. Kh3 Be7 57. Qc3 Bf6 58. Qf3 Qc1 59. Nd7 Bg5 60. Nxe5 Rf6 61.
Nxf6 Bxf6 62. Nd3 Qc3 63. Kg2 g5 64. Nc5 Qxf3+ 65. Kxf3 Be7 66. Nxa6 Kf6 67. Nc5
Ke5 68. Kg2 Kd4 69. Nd7 Kxe4 70. b5 Kd5 71. b6 Kc6 72. Ne5+ Kxb6 73. Ng6 Bd6 74.
Kh3 Kc5 75. Nxh4 gxh4 76. Kxh4 Kd5 77. Kg5 Ke6 78. f4 Kf7 79. Kf5 Be7 80. g5 Bd8
81. Kg4 Kg6 82. f5+ Kg7 83. f6+ Bxf6 84. gxf6+ Kxf6 1/2-1/2

[Event "chess.com SpeedChess 2024"]
[Site "chess.com INT"]
[Date "2024.07.31"]
[Round "1.10"]
[White "Niemann, Hans Moke"]
[Black "Vachier-Lagrave, Maxime"]
[Result "1-0"]
[WhiteTitle "GM"]
[BlackTitle "GM"]
[WhiteElo "2703"]
[BlackElo "2718"]
[WhiteFideId "2093596"]
[BlackFideId "623539"]
[EventDate "2024.07.25"]
[EventType "k.o."]

1. c4 e5 2. g3 d5 3. cxd5 Qxd5 4. Nf3 Nc6 5. Nc3 Qd8 6. Bg2 Nf6 7. O-O h6 8. b3
Bd6 9. Bb2 O-O 10. d3 Re8 11. Rc1 Bf5 12. Nd2 Qd7 13. Re1 Bh3 14. Bh1 Rab8 15.
Nc4 Ne7 16. Ne4 Nxe4 17. dxe4 Nc6 18. Nxd6 cxd6 19. Qd2 Red8 20. Red1 Rbc8 21.
Bf3 Qe6 22. Rc2 Kh7 23. Rdc1 Qg6 24. e3 f5 25. Rc4 Rf8 26. b4 Rcd8 27. b5 Ne7
28. exf5 Bxf5 29. Rc7 Rd7 30. Bxb7 Qf7 31. Ba3 Rfd8 32. Bg2 Be6 33. Qa5 Bd5 34.
e4 Bxa2 35. Qxa7 Be6 36. b6 Ng6 37. Bxd6 Qf6 38. Rxd7 Rxd7 39. Qa3 Rf7 40. Qe3 1-0

[Event "chess.com SpeedChess 2024"]
[Site "chess.com INT"]
[Date "2024.07.31"]
[Round "1.11"]
[White "Vachier-Lagrave, Maxime"]
[Black "Niemann, Hans Moke"]
[Result "0-1"]
[WhiteTitle "GM"]
[BlackTitle "GM"]
[WhiteElo "2718"]
[BlackElo "2703"]
[WhiteFideId "623539"]
[BlackFideId "2093596"]
[EventDate "2024.07.25"]
[EventType "k.o."]

1. e4 e5 2. Nf3 Nc6 3. Bb5 Nf6 4. O-O Nxe4 5. d4 Nd6 6. Bxc6 dxc6 7. dxe5 Nf5 8.
Qxd8+ Kxd8 9. h3 Be7 10. Nc3 Nh4 11. Nxh4 Bxh4 12. Re1 h5 13. Ne2 Bf5 14. Nd4
Bh7 15. Bf4 Kc8 16. e6 Bg6 17. exf7 Bxf7 18. Nf3 Bf6 19. Be5 Bd5 20. Bxf6 gxf6
21. Nh4 b5 22. Nf5 Kb7 23. f3 Rag8 24. Kf2 Rg5 25. Nh4 Rd8 26. Rad1 Rd6 27. Re7
Kb6 28. a3 a5 29. Rd3 b4 30. axb4 axb4 31. Re8 Kc5 32. g3 Bc4 33. Rxd6 cxd6 34.
b3 Bb5 35. f4 Rd5 36. Nf3 Rd1 37. Rh8 Rc1 38. Rxh5+ d5 39. Ne1 Rd1 40. g4 Rd2+
41. Kf3 Kd4 42. Rh6 Rd1 43. Ng2 Rc1 44. Rxf6 Rxc2 45. g5 Rc3+ 46. Kf2 Rc2+ 47.
Kg3 Rc3+ 48. Kh2 Bf1 49. Kg1 Bd3 50. g6 Be4 51. Nh4 Rxh3 52. g7 Rg3+ 53. Kf2
Rxg7 54. Rxc6 Rg4 55. Nf3+ Bxf3 56. Kxf3 Rg1 57. f5 Rf1+ 58. Kg4 Ke3 59. Re6+
Kd3 60. f6 d4 61. Rc6 Ke4 62. Kg5 d3 63. Rd6 Ke3 64. Re6+ Kd4 65. Rd6+ Kc3 0-1

[Event "chess.com SpeedChess 2024"]
[Site "chess.com INT"]
[Date "2024.07.31"]
[Round "1.12"]
[White "Niemann, Hans Moke"]
[Black "Vachier-Lagrave, Maxime"]
[Result "1-0"]
[WhiteTitle "GM"]
[BlackTitle "GM"]
[WhiteElo "2703"]
[BlackElo "2718"]
[WhiteFideId "2093596"]
[BlackFideId "623539"]
[EventDate "2024.07.25"]
[EventType "k.o."]

1. e4 c5 2. Nf3 d6 3. Bb5+ Bd7 4. Bxd7+ Qxd7 5. O-O Nc6 6. c3 d5 7. e5 c4 8. b3
e6 9. Na3 Na5 10. d4 cxd3 11. Qxd3 Ne7 12. Nb5 Ng6 13. Nbd4 Rc8 14. Re1 Be7 15.
g3 h6 16. h4 Nc6 17. Bd2 Bc5 18. b4 Bxd4 19. cxd4 O-O 20. b5 Nd8 21. Bb4 Re8 22.
Rec1 b6 23. Rxc8 Qxc8 24. h5 Ne7 25. Qa3 Qd7 26. Rc1 Nc8 27. Rc2 Nb7 28. Qc1 Na5
29. Rc7 Qd8 30. Bxa5 bxa5 31. Qc6 Rf8 32. Kg2 a4 33. Qb7 a3 34. Nd2 Nb6 35. Qxa7
Qg5 36. Nf3 1-0

[Event "chess.com SpeedChess 2024"]
[Site "chess.com INT"]
[Date "2024.07.31"]
[Round "1.13"]
[White "Vachier-Lagrave, Maxime"]
[Black "Niemann, Hans Moke"]
[Result "0-1"]
[WhiteTitle "GM"]
[BlackTitle "GM"]
[WhiteElo "2718"]
[BlackElo "2703"]
[WhiteFideId "623539"]
[BlackFideId "2093596"]
[EventDate "2024.07.25"]
[EventType "k.o."]

1. e4 e5 2. Nf3 Nc6 3. Bb5 Nf6 4. O-O Nxe4 5. d4 Nd6 6. Bxc6 dxc6 7. dxe5 Nf5 8.
Qxd8+ Kxd8 9. h3 Be7 10. Nc3 Nh4 11. Nxh4 Bxh4 12. Re1 h5 13. Ne2 Ke8 14. Bd2
Be7 15. Bc3 h4 16. e6 f6 17. Rad1 Bd6 18. Nd4 Rh5 19. Nf3 c5 20. Re4 b6 21. Nd2
Bb7 22. Rg4 Bf8 23. Re1 Ke7 24. Rf4 Rd8 25. Ne4 Rh6 26. Ng5 Rd5 27. Nf3 g5 28.
Ra4 a5 29. Nh2 f5 30. Nf3 Rg6 31. Ne5 Rg8 32. Nd7 Bg7 33. Bxg7 Rxg7 34. Ra3 Rd2
35. Rae3 g4 36. hxg4 Rxg4 37. g3 f4 38. Rd3 Rxd3 39. cxd3 fxg3 40. fxg3 Rxg3+
41. Kh2 Rxd3 42. Ne5 Rg3 43. a4 Bd5 0-1

[Event "chess.com SpeedChess 2024"]
[Site "chess.com INT"]
[Date "2024.07.31"]
[Round "1.14"]
[White "Niemann, Hans Moke"]
[Black "Vachier-Lagrave, Maxime"]
[Result "1-0"]
[WhiteTitle "GM"]
[BlackTitle "GM"]
[WhiteElo "2703"]
[BlackElo "2718"]
[WhiteFideId "2093596"]
[BlackFideId "623539"]
[EventDate "2024.07.25"]
[EventType "k.o."]

1. e4 c5 2. Nf3 Nc6 3. Bb5 g6 4. Bxc6 bxc6 5. O-O Bg7 6. Re1 Qc7 7. Na3 d5 8. d3
Nf6 9. e5 Ng4 10. Bf4 h5 11. Qd2 Qb6 12. Rab1 a5 13. c3 a4 14. Nc2 Nh6 15. Ng5
Nf5 16. h3 O-O 17. e6 f6 18. Nf3 g5 19. Bh2 Qd8 20. d4 g4 21. Qf4 gxf3 22. Qxf5
fxg2 23. Re3 1-0

[Event "chess.com SpeedChess 2024"]
[Site "chess.com INT"]
[Date "2024.07.31"]
[Round "1.15"]
[White "Vachier-Lagrave, Maxime"]
[Black "Niemann, Hans Moke"]
[Result "1-0"]
[WhiteTitle "GM"]
[BlackTitle "GM"]
[WhiteElo "2718"]
[BlackElo "2703"]
[WhiteFideId "623539"]
[BlackFideId "2093596"]
[EventDate "2024.07.25"]
[EventType "k.o."]

1. e4 e5 2. Nf3 Nc6 3. Bb5 Nf6 4. O-O Nxe4 5. d4 Nd6 6. Bxc6 dxc6 7. dxe5 Nf5 8.
Qxd8+ Kxd8 9. h3 Be7 10. Nc3 Nh4 11. Nxh4 Bxh4 12. Re1 h5 13. Ne2 Ke8 14. Bd2
Be7 15. Bc3 Bf5 16. Nd4 Bg6 17. Re2 Rd8 18. Rae1 h4 19. Kh1 Rh5 20. f4 a6 21.
Rf1 c5 22. Nf3 Bf5 23. e6 f6 24. Be1 Rd6 25. Nxh4 Rxe6 26. Nxf5 Rxh3+ 27. gxh3
Rxe2 28. Nxg7+ Kf7 29. Nf5 Bf8 30. Kg1 Rxc2 31. Rf2 Rc1 32. Re2 c4 33. Kg2 b5
34. Ba5 c5 35. Ne3 Bd6 36. Kf3 Rh1 37. Kg4 Rg1+ 38. Rg2 Ra1 39. Rd2 Rg1+ 40. Kf5 1-0

[Event "chess.com SpeedChess 2024"]
[Site "chess.com INT"]
[Date "2024.07.31"]
[Round "1.16"]
[White "Niemann, Hans Moke"]
[Black "Vachier-Lagrave, Maxime"]
[Result "0-1"]
[WhiteTitle "GM"]
[BlackTitle "GM"]
[WhiteElo "2703"]
[BlackElo "2718"]
[WhiteFideId "2093596"]
[BlackFideId "623539"]
[EventDate "2024.07.25"]
[EventType "k.o."]

1. c4 c5 2. Nf3 Nc6 3. Nc3 e5 4. g3 g6 5. Bg2 Bg7 6. O-O Nge7 7. Ne1 d6 8. Nc2
Be6 9. Ne3 Qd7 10. Ned5 O-O 11. d3 Bh3 12. Bg5 f6 13. Bd2 Bxg2 14. Kxg2 Rae8 15.
Rb1 f5 16. b4 f4 17. Nxe7+ Rxe7 18. Nd5 Ref7 19. f3 h5 20. Be1 g5 21. bxc5 dxc5
22. Bf2 b6 23. e3 fxg3 24. Bxg3 h4 25. Be1 g4 26. f4 exf4 27. Nxf4 h3+ 28. Kg1
Ne5 29. Bg3 Qc6 30. Qe2 Nf3+ 31. Kf2 Re8 32. Qc2 Rxe3 33. Kxe3 Qe8+ 0-1

[Event "chess.com SpeedChess 2024"]
[Site "chess.com INT"]
[Date "2024.07.31"]
[Round "1.17"]
[White "Vachier-Lagrave, Maxime"]
[Black "Niemann, Hans Moke"]
[Result "1/2-1/2"]
[WhiteTitle "GM"]
[BlackTitle "GM"]
[WhiteElo "2718"]
[BlackElo "2703"]
[WhiteFideId "623539"]
[BlackFideId "2093596"]
[EventDate "2024.07.25"]
[EventType "k.o."]

1. e4 e5 2. Nf3 Nc6 3. Bb5 a6 4. Ba4 Nf6 5. O-O Be7 6. d3 b5 7. Bb3 d6 8. a3 O-O
9. Nc3 Nb8 10. Bd2 c6 11. Re1 Nbd7 12. d4 Bb7 13. Bg5 h6 14. Bh4 Re8 15. Qd2 Qc7
16. Rad1 Rad8 17. h3 Nf8 18. Bg3 Ng6 19. Bh2 Bf8 20. dxe5 dxe5 21. Qe3 c5 22.
Nd5 Bxd5 23. Bxd5 c4 24. b4 Nxd5 25. Rxd5 Rxd5 26. exd5 Bd6 27. Nd4 Qd7 28. Qe4
Ne7 29. Nc6 f5 30. Nxe5 fxe4 31. Nxd7 Bxh2+ 32. Kxh2 Nxd5 33. Nc5 e3 34. fxe3
Rxe3 35. Rd1 Nf4 36. Rd4 g5 37. a4 Rc3 38. Rd2 bxa4 39. Nxa4 Re3 40. Nc5 c3 41.
Rf2 h5 42. Nxa6 h4 43. Nc5 Kg7 44. Nb3 Kg6 45. b5 Re5 46. Nd4 Rd5 47. Ne2 Nxe2
48. Rxe2 Rxb5 49. Re6+ Kf5 50. Rc6 Re5 51. Rxc3 Re1 52. Rc5+ Kf4 53. Rc4+ Kf5
54. Rc8 Rc1 55. c4 Ke6 56. Rc6+ Kf5 57. c5 Ke5 58. Rc8 Ke6 59. c6 Kd6 60. Rg8
Rc5 61. Rg6+ Kc7 62. Kg1 Rf5 63. Re6 Rf4 64. Re5 g4 65. Rc5 g3 66. Rc1 Rf6 67.
Rc4 Rxc6 68. Rxc6+ Kxc6 69. Kh1 Kd5 70. Kg1 Ke4 71. Kh1 Kd3 72. Kg1 Ke3 73. Kh1
Ke2 74. Kg1 Kd3 75. Kh1 Kc2 76. Kg1 Kd2 77. Kh1 Kd1 78. Kg1 Kc1 79. Kh1 Kc2 80.
Kg1 Kc3 81. Kh1 Kd4 82. Kg1 Ke4 83. Kh1 Kf4 84. Kg1 Kf5 85. Kh1 Ke5 86. Kg1 Ke6
87. Kh1 Kd5 88. Kg1 Kc5 89. Kh1 Kc4 90. Kg1 Kc3 91. Kh1 Kc2 1/2-1/2

[Event "chess.com SpeedChess 2024"]
[Site "chess.com INT"]
[Date "2024.07.31"]
[Round "1.18"]
[White "Niemann, Hans Moke"]
[Black "Vachier-Lagrave, Maxime"]
[Result "1-0"]
[WhiteTitle "GM"]
[BlackTitle "GM"]
[WhiteElo "2703"]
[BlackElo "2718"]
[WhiteFideId "2093596"]
[BlackFideId "623539"]
[EventDate "2024.07.25"]
[EventType "k.o."]

1. e4 c6 2. Nf3 d5 3. d3 dxe4 4. dxe4 Qxd1+ 5. Kxd1 g6 6. h3 Bg7 7. a4 Nd7 8. c3
Nc5 9. Nbd2 a5 10. Nd4 Nf6 11. f3 Nh5 12. Kc2 Ng3 13. Rg1 Nxf1 14. Rxf1 O-O 15.
N2b3 Nxb3 16. Nxb3 f5 17. Be3 Be6 18. Nc5 Bc4 19. Rfd1 fxe4 20. Nxe4 Rad8 21.
Bb6 Rxd1 22. Rxd1 Bd5 23. Nc5 g5 24. b3 h5 25. c4 Bf7 26. Nxb7 Bg6+ 27. Kc1 g4
28. hxg4 hxg4 29. Rd8 gxf3 30. gxf3 Rxd8 31. Nxd8 1-0